THE SAINT THE SURFER & THE CEO (Record no. 388980)

MARC details
000 -LEADER
fixed length control field 00400nam a2200157Ia 4500
008 - FIXED-LENGTH DATA ELEMENTS--GENERAL INFORMATION
fixed length control field 100122s9999 xx 000 0 und d
082 ## - DEWEY DECIMAL CLASSIFICATION NUMBER
Item number 73002
Classification number 150
100 ## - MAIN ENTRY--PERSONAL NAME
Personal name SHARMA ROBIN S
245 ## - TITLE STATEMENT
Title THE SAINT THE SURFER & THE CEO
250 ## - EDITION STATEMENT
Edition statement 1
260 ## - PUBLICATION, DISTRIBUTION, ETC. (IMPRINT)
Name of publisher, distributor, etc HAY HOUSE
Date of publication, distribution, etc 2008
300 ## - PHYSICAL DESCRIPTION
Extent 221
630 ## - SUBJECT ADDED ENTRY--UNIFORM TITLE
Uniform title THE SAINT THE SURFER & THE CEO
730 ## - ADDED ENTRY--UNIFORM TITLE
Uniform title THE SAINT THE SURFER & THE CEO
942 ## - ADDED ENTRY ELEMENTS (KOHA)
Koha item type Book
Holdings
Withdrawn status Lost status Damaged status Not for loan Home library Current library Date acquired Cost, normal purchase price Total Checkouts Full call number Barcode Date last seen Cost, replacement price Price effective from Koha item type Public note
        S.V. Pathak Library, Vile Parle S.V. Pathak Library, Vile Parle 03/14/2008 295.00   73002 SVPPARLE-73002 01/25/2010 295.00 01/25/2010 Book ", , ,"